000 00565cam a2200217 4500
001 J103366
008 000000n1999 000 0 eng u
035 _a(Sirsi) u103366
050 _a690
110 _aBuilding Research Establishment
245 _aBuilding damp-free cavity walls
260 _aWatford
_bCRC Ltd.
_c1999
300 _a6p. ; 30cm.
490 _aGood Building Guide
_v33
650 _aCAVITY WALLS
650 _aRISING DAMP
650 _aWALL TIES
650 _aDAMPNESS
690 _aBUILT ENVIRONMENT-BUILDING PATHOLOGY
942 _n0
999 _c100120
_d100120